Pontevedra, cuna de Colón / (Record n. 34066)
[ formato base ]
| 000 -LEADER | |
|---|---|
| fixed length control field | 00695cam a2200193 i 4500 |
| 003 - CONTROL NUMBER IDENTIFIER | |
| control field | IT-RoINE |
| 005 - DATE AND TIME OF LATEST TRANSACTION | |
| control field | 20200304100940.0 |
| 008 - FIXED-LENGTH DATA ELEMENTS--GENERAL INFORMATION | |
| fixed length control field | 010710s1924 sp r |bspa d |
| 040 ## - CATALOGING SOURCE | |
| Original cataloging agency | SpMaBN |
| Transcribing agency | CDM IT-RoINE |
| Modifying agency | IT-RoINE |
| 100 1# - MAIN ENTRY--PERSONAL NAME | |
| Personal name | Cabello Lapiedra, Xavier, |
| Dates associated with a name | n. 1866 |
| 9 (RLIN) | 67083 |
| 245 10 - TITLE STATEMENT | |
| Title | Pontevedra, cuna de Colón / |
| Statement of responsibility, etc | conferencia pronunciada en la Unión Ibero Americana por Xavier Cabello Lapiedra, el 6 de febrero de 1924. |
| 260 ## - PUBLICATION, DISTRIBUTION, ETC. (IMPRINT) | |
| Place of publication, distribution, etc | Madrid : |
| Name of publisher, distributor, etc | Unión Ibero americana, |
| Date of publication, distribution, etc | 1924. |
| 300 ## - PHYSICAL DESCRIPTION | |
| Extent | 30 p. ; |
| Dimensions | 25 cm. |
| 336 ## - CONTENT TYPE | |
| Source | rdacontent |
| Content type term | text |
| 337 ## - MEDIA TYPE | |
| Source | rdamedia |
| Media type term | unmediated |
| 338 ## - CARRIER TYPE | |
| Source | rdacarrier |
| Carrier type term | volume |
| 600 14 - SUBJECT ADDED ENTRY--PERSONAL NAME | |
| Personal name | Colón, Cristóbal, |
| 9 (RLIN) | 1104 |
| Dates associated with a name | 1451-1506 |
| General subdivision | Biografía |
| 942 ## - ADDED ENTRY ELEMENTS (KOHA) | |
| Item type | Monografías |
| Withdrawn status | Lost status | Damaged status | Not for loan | Home library | Current library | Date acquired | Total Checkouts | Full call number | Barcode | Date last seen | Price effective from | Koha item type | Public note |
|---|---|---|---|---|---|---|---|---|---|---|---|---|---|
| Iglesia Nacional Española en Roma | Iglesia Nacional Española en Roma | 04/03/2020 | HIS.ESP.0. 839.3 | 61732 | 04/03/2020 | 04/03/2020 | Monografías | Dedicatoria autógrafa del A. a la Iglesia Nacional de España, Roma |